<?xml version="1.0" encoding="UTF-8"?>
<record
    xmlns:xsi="http://www.w3.org/2001/XMLSchema-instance"
    xsi:schemaLocation="http://www.loc.gov/MARC21/slim http://www.loc.gov/standards/marcxml/schema/MARC21slim.xsd"
    xmlns="http://www.loc.gov/MARC21/slim">

  <leader>00936nam0a2200265   4500</leader>
  <controlfield tag="001">RU\NLR\BIBL_A\012171132</controlfield>
  <controlfield tag="005">20250623221124.0</controlfield>
  <datafield tag="035" ind1=" " ind2=" ">
    <subfield code="a">(NLR Aleph) 012171132</subfield>
  </datafield>
  <datafield tag="090" ind1=" " ind2=" ">
    <subfield code="a">12241983</subfield>
    <subfield code="c">12241983</subfield>
  </datafield>
  <datafield tag="100" ind1=" " ind2=" ">
    <subfield code="a">20191224d1927    |||y0rusy50      ca</subfield>
  </datafield>
  <datafield tag="101" ind1="0" ind2=" ">
    <subfield code="a">inh</subfield>
  </datafield>
  <datafield tag="102" ind1=" " ind2=" ">
    <subfield code="a">RU</subfield>
  </datafield>
  <datafield tag="105" ind1=" " ind2=" ">
    <subfield code="a">y   z   000 y</subfield>
  </datafield>
  <datafield tag="200" ind1="1" ind2=" ">
    <subfield code="a">&#x41A;&#x43E;&#x43E;&#x43F;&#x435;&#x440;&#x430;&#x442;&#x438;&#x432; &#x44F;&#x445;&#x430;&#x440; &#x444;&#x438;&#x43D;&#x439; -&#x445;I&#x430;&#x43D;&#x43D;&#x430; &#x44D;&#x448; &#x438;&#x437;?</subfield>
    <subfield code="f">&#x420;. &#x410;&#x440;&#x441;&#x43A;&#x438;&#x439;</subfield>
    <subfield code="g">&#x442;&#x430;&#x440;&#x436;&#x430;&#x43C; &#x41E;&#x432;&#x448;&#x430; &#x43D;. I.-&#x412;.</subfield>
  </datafield>
  <datafield tag="210" ind1=" " ind2=" ">
    <subfield code="a">&#x412;&#x43B;&#x430;&#x434;&#x438;&#x43A;&#x430;&#x432;&#x43A;&#x430;&#x437;</subfield>
    <subfield code="c">&#x41A;&#x440;&#x430;&#x439;&#x43D;&#x430;&#x446;&#x438;&#x437;&#x434;&#x430;&#x442;</subfield>
    <subfield code="d">1927</subfield>
  </datafield>
  <datafield tag="215" ind1=" " ind2=" ">
    <subfield code="a">42 &#x441;.</subfield>
    <subfield code="d">23</subfield>
  </datafield>
  <datafield tag="225" ind1="1" ind2=" ">
    <subfield code="a">&#x42E;&#x440;&#x442;&#x430;&#x440;&#x430; &#x441;&#x43E;&#x432;&#x435;&#x442;&#x438; &#x43A;&#x43E;&#x43E;&#x43F;&#x435;&#x440;&#x430;&#x446;&#x438;</subfield>
  </datafield>
  <datafield tag="300" ind1=" " ind2=" ">
    <subfield code="a">&#x41B;&#x430;&#x442;&#x438;&#x43D;. &#x433;&#x440;&#x430;&#x444;&#x438;&#x43A;&#x430;</subfield>
  </datafield>
  <datafield tag="541" ind1="1" ind2=" ">
    <subfield code="a">&#x427;&#x442;&#x43E; &#x442;&#x430;&#x43A;&#x43E;&#x435; &#x43A;&#x43E;&#x43E;&#x43F;&#x435;&#x440;&#x430;&#x442;&#x438;&#x432; &#x432; &#x434;&#x435;&#x440;&#x435;&#x432;&#x43D;&#x435; &#x438; &#x43A;&#x43E;&#x43C;&#x443; &#x43E;&#x43D; &#x43D;&#x443;&#x436;&#x435;&#x43D;?</subfield>
    <subfield code="z">rus</subfield>
  </datafield>
  <datafield tag="686" ind1="1" ind2=" ">
    <subfield code="a">&#x423;9(2)321.88</subfield>
  </datafield>
  <datafield tag="700" ind1=" " ind2="1">
    <subfield code="a">&#x410;&#x440;&#x441;&#x43A;&#x438;&#x439;</subfield>
    <subfield code="b">&#x420;.</subfield>
    <subfield code="f">1886-1934</subfield>
    <subfield code="4">070</subfield>
  </datafield>
  <datafield tag="852" ind1=" " ind2=" ">
    <subfield code="a">NLR</subfield>
    <subfield code="b">&#x41E;&#x41D;&#x41B;</subfield>
    <subfield code="j">&#x418;&#x43D;&#x433;&#x443;&#x448;./3-241</subfield>
  </datafield>
  <datafield tag="942" ind1=" " ind2=" ">
    <subfield code="c">BOOK</subfield>
  </datafield>
  <datafield tag="980" ind1=" " ind2=" ">
    <subfield code="a">NB</subfield>
  </datafield>
  <datafield tag="995" ind1=" " ind2=" ">
    <subfield code="5">2019-12-24</subfield>
    <subfield code="b">NLR01</subfield>
    <subfield code="c">NLR01</subfield>
    <subfield code="e">ONL</subfield>
    <subfield code="f">1-1452933</subfield>
    <subfield code="k">&#x41E;&#x41D;&#x41B; &#x418;&#x43D;&#x433;&#x443;&#x448;./3-241</subfield>
    <subfield code="o">0</subfield>
    <subfield code="r">BOOK</subfield>
    <subfield code="s">_3241</subfield>
  </datafield>
</record>
